[Event "Bundesliga 2014/15"]
[Site "Baden-Baden GER"]
[Date "2015.04.12"]
[Round "15"]
[White "Rudolf, Henrik"]
[Black "Naiditsch, Arkadij"]
[Result "0-1"]
[WhiteElo "2357"]
[BlackElo "2710"]
[PlyCount "94"]
[EventDate "2014.10.18"]
[EventType "team"]
[WhiteTeam "SSC Rostock 07"]
[BlackTeam "OSG Baden-Baden"]

1. e4 c5 2. Nf3 Nc6 3. d4 cxd4 4. Nxd4 Qb6 5. Nb3 e6 6. Bd3 Nf6 7. Qe2 Qc7 8.
Nc3 a6 9. f4 d6 10. g4 b5 11. Be3 Nd7 12. a4 b4 13. Nb1 g6 14. N1d2 Bg7 15.
O-O-O Bb7 16. Kb1 Nb6 17. Bxb6 Qxb6 18. Nc4 Qc7 19. Rhf1 O-O 20. e5 dxe5 21. f5
Rfd8 22. Qe3 Nd4 23. f6 Bf8 24. Nxe5 Nxb3 25. cxb3 Qc5 26. Qe2 Rd4 27. Rde1 Qd5
28. Bc4 Qe4+ 29. Ka2 Qxe2 30. Rxe2 Bd6 31. h3 Rd8 32. Nd3 g5 33. Rfe1 h6 34.
Nf2 Bg3 35. Rg1 Bh4 36. Rc1 a5 37. Bb5 Bg3 38. Rc4 Rf4 39. Ne4 Bxe4 40. Rexe4
Rxf6 41. Rc5 Rd2 42. Re2 Rd1 43. Rec2 Bf2 44. Rc8+ Kg7 45. Ra8 Bb6 46. Rb8 Rd6
47. Bc6 Rf1 0-1

[Event "Bundesliga 2014/15"]
[Site "Baden-Baden GER"]
[Date "2015.04.12"]
[Round "15"]
[White "Kasimdzhanov, Rustam"]
[Black "Gruenberg, Hans-Ulrich"]
[Result "1-0"]
[WhiteElo "2706"]
[BlackElo "2377"]
[PlyCount "87"]
[EventDate "2014.10.18"]
[EventType "team"]
[WhiteTeam "OSG Baden-Baden"]
[BlackTeam "SSC Rostock 07"]

1. d4 Nf6 2. c4 g6 3. Nc3 Bg7 4. e4 d6 5. Nf3 O-O 6. Be2 c5 7. O-O Nc6 8. d5
Na5 9. Bg5 h6 10. Bf4 Nh5 11. Bd2 e5 12. Qc1 Kh7 13. Ne1 a6 14. g3 Nf6 15. Rb1
b6 16. Ng2 Bh3 17. Qc2 Qc7 18. b3 Nb7 19. Rbe1 Rae8 20. Bd3 Qd7 21. Bc1 Kh8 22.
Bb2 Nh5 23. Be2 Nf6 24. Kh1 Kh7 25. Qd3 Ng8 26. Rg1 h5 27. Nh4 Nh6 28. Bc1 Ng4
29. Nd1 Bh6 30. Bb2 Nf6 31. f3 Qd8 32. Nf2 Bd7 33. Ng2 b5 34. Qc2 Qb6 35. f4
Bg7 36. Nh4 Ng8 37. Nf3 f6 38. f5 Ne7 39. Nh4 Rh8 40. fxg6+ Kg8 41. Nd1 Rf8 42.
Ne3 Be8 43. Qd1 Nxg6 44. Bxh5 1-0

[Event "Bundesliga 2014/15"]
[Site "Schwaebisch Hall GER"]
[Date "2015.04.12"]
[Round "15"]
[White "Wojtaszek, Radoslaw"]
[Black "Donchenko, Alexander"]
[Result "1-0"]
[WhiteElo "2742"]
[BlackElo "2501"]
[PlyCount "71"]
[EventDate "2014.10.18"]
[EventType "team"]
[WhiteTeam "SK Schwaebisch Hall"]
[BlackTeam "SC Hansa Dortmund"]

1. d4 Nf6 2. c4 e6 3. Nf3 b6 4. g3 Bb7 5. Bg2 Be7 6. O-O O-O 7. Nc3 Ne4 8. Bd2
f5 9. Rc1 a5 10. d5 Bf6 11. Be1 Nd6 12. b3 Na6 13. Nd4 Nc5 14. Ncb5 Bxd4 15.
Nxd4 Qe7 16. Bc3 e5 17. Nf3 Nf7 18. Qc2 Ne4 19. Bb2 a4 20. Nh4 g6 21. Bxe4 fxe4
22. Qxe4 axb3 23. axb3 c6 24. Nxg6 hxg6 25. Qxg6+ Kh8 26. f4 d6 27. e4 cxd5 28.
exd5 b5 29. c5 Bxd5 30. fxe5 Nxe5 31. Qxd6 Qxd6 32. cxd6 Rxf1+ 33. Kxf1 Kg8 34.
Bxe5 Bxb3 35. Rc7 Be6 36. Re7 1-0

[Event "Bundesliga 2014/15"]
[Site "Schwaebisch Hall GER"]
[Date "2015.04.12"]
[Round "15"]
[White "Anton Guijarro, David"]
[Black "Li, Chao b"]
[Result "0-1"]
[WhiteElo "2607"]
[BlackElo "2711"]
[PlyCount "62"]
[EventDate "2014.10.18"]
[EventType "team"]
[WhiteTeam "SC Hansa Dortmund"]
[BlackTeam "SK Schwaebisch Hall"]

1. d4 Nf6 2. c4 c6 3. Nf3 d5 4. e3 g6 5. Nc3 Bg7 6. Be2 O-O 7. O-O b6 8. b4 Ne4
9. Bb2 Nxc3 10. Bxc3 Bb7 11. Qb3 Nd7 12. a4 a6 13. Rfd1 e6 14. Qb2 Re8 15. Nd2
Qe7 16. Bf1 Red8 17. g3 h5 18. e4 e5 19. exd5 cxd5 20. Re1 e4 21. a5 dxc4 22.
Bxc4 Rac8 23. Bf1 Nf6 24. axb6 Ng4 25. Nb3 e3 26. f3 Bxf3 27. Nc5 h4 28. Be2
Bd5 29. Ra5 Nf2 30. Bf1 hxg3 31. hxg3 Qg5 0-1

[Event "Bundesliga 2014/15"]
[Site "Bremen GER"]
[Date "2015.04.12"]
[Round "15"]
[White "Areshchenko, Alexander"]
[Black "Eljanov, Pavel"]
[Result "1-0"]
[WhiteElo "2654"]
[BlackElo "2719"]
[PlyCount "137"]
[EventDate "2014.10.18"]
[EventType "team"]
[WhiteTeam "Werder Bremen"]
[BlackTeam "USV TU Dresden"]

1. e4 e5 2. Nf3 Nc6 3. Bb5 a6 4. Ba4 Nf6 5. O-O Be7 6. d3 b5 7. Bb3 O-O 8. Re1
d6 9. a3 h6 10. Nc3 Be6 11. Nd5 Na5 12. Ba2 c6 13. Nxf6+ Bxf6 14. Bxe6 fxe6 15.
b4 Nb7 16. c4 Qd7 17. Be3 Nd8 18. Nd2 Nf7 19. Nb3 Bg5 20. Rc1 Bxe3 21. Rxe3 Ng5
22. h4 Nh7 23. c5 d5 24. exd5 Qxd5 25. Na5 Nf6 26. Qe2 Nd7 27. Nc4 Rf5 28. Nb6
Nxb6 29. cxb6 Raf8 30. Rf3 Rxf3 31. gxf3 Rb8 32. Rc5 Qd4 33. Rxc6 Rxb6 34. Rxb6
Qxb6 35. Qxe5 Kf7 36. f4 Qd8 37. f5 Qxh4 38. fxe6+ Ke7 39. Qxg7+ Kxe6 40. Kg2
Qf4 41. Qg8+ Kd7 42. Qd5+ Kc7 43. Qc5+ Kd7 44. Qe3 Qf6 45. Kg3 Qa1 46. Qxh6
Qxa3 47. Qg7+ Kc8 48. Qf8+ Kb7 49. Qe7+ Kc8 50. Qc5+ Kb7 51. Qd5+ Kc7 52. Qe5+
Kc8 53. Qf5+ Kb8 54. Qf4+ Kc8 55. Kg4 Qa4 56. Qf5+ Kc7 57. Qc5+ Kb7 58. Qe7+
Kc8 59. Qe8+ Kc7 60. Qe5+ Kc8 61. Qc3+ Kd7 62. Kf5 Qd1 63. Qd4+ Kc6 64. Qe4+
Kb6 65. Ke6 a5 66. Qd4+ Kb7 67. Qd5+ Ka7 68. Qc5+ Ka8 69. Qc8+ 1-0

[Event "Bundesliga 2014/15"]
[Site "Bremen GER"]
[Date "2015.04.12"]
[Round "15"]
[White "Almasi, Zoltan"]
[Black "Hracek, Zbynek"]
[Result "1/2-1/2"]
[WhiteElo "2695"]
[BlackElo "2646"]
[PlyCount "42"]
[EventDate "2014.10.18"]
[EventType "team"]
[WhiteTeam "USV TU Dresden"]
[BlackTeam "Werder Bremen"]

1. Nf3 d5 2. g3 c6 3. Bg2 Bg4 4. c4 e6 5. Qb3 Qb6 6. Ne5 Bh5 7. d4 Nf6 8. Nc3
Be7 9. O-O O-O 10. Bf4 Rd8 11. h3 Nbd7 12. g4 Bg6 13. Nxg6 hxg6 14. e3 dxc4 15.
Qxc4 Nd5 16. Nxd5 cxd5 17. Qb3 g5 18. Qxb6 Nxb6 19. Bc7 Rdc8 20. Rfc1 Kf8 21.
a4 Bd8 1/2-1/2

[Event "Bundesliga 2014/15"]
[Site "Muelheim GER"]
[Date "2015.04.12"]
[Round "15"]
[White "Navara, David"]
[Black "Bobras, Piotr"]
[Result "1-0"]
[WhiteElo "2718"]
[BlackElo "2535"]
[PlyCount "105"]
[EventDate "2014.10.18"]
[EventType "team"]
[WhiteTeam "SV Muelheim Nord"]
[BlackTeam "SG Trier"]

1. c4 e5 2. g3 Nf6 3. Bg2 d5 4. cxd5 Nxd5 5. Nc3 Nb6 6. e3 Nc6 7. Nge2 h5 8. d4
h4 9. d5 Ne7 10. e4 Ng6 11. Qd3 Bc5 12. b4 Bd6 13. a4 a5 14. b5 Nd7 15. Be3 Nc5
16. Qc4 b6 17. O-O-O h3 18. Bf3 Qf6 19. Ng1 Bd7 20. Be2 O-O-O 21. Nf3 Qe7 22.
Ne1 Kb8 23. Nd3 Nxd3+ 24. Bxd3 Bg4 25. Be2 Bc8 26. Rhf1 Nf8 27. f4 f6 28. Kb2
g5 29. fxg5 fxg5 30. Nb1 Nh7 31. Nd2 g4 32. Qc3 Ng5 33. Rf2 Rhf8 34. Rdf1 Rxf2
35. Rxf2 Qg7 36. Qd3 Rf8 37. Rxf8 Bxf8 38. d6 Bxd6 39. Bxb6 Bb4 40. Be3 Ne6 41.
Nb3 Bb7 42. Qd1 Bxe4 43. Bxg4 Bd5 44. Bxh3 e4+ 45. Kb1 Ba3 46. Nd4 Nc5 47. Qd2
Qh8 48. Bf5 Bb4 49. Qc2 Nd3 50. Be6 Qe5 51. Qc6 Bxe6 52. Qxe6 Qh5 53. Nc6+ 1-0

[Event "Chinese League (Division A) 2015"]
[Site "China CHN"]
[Date "2015.04.11"]
[Round "2"]
[White "Zhai, Mo"]
[Black "Gunina, Valentina"]
[Result "0-1"]
[WhiteElo "2324"]
[BlackElo "2528"]
[PlyCount "98"]
[EventDate "2015.04.10"]
[WhiteTeam "Heibei"]
[BlackTeam "Qingdao"]

1. d4 d5 2. c4 c6 3. cxd5 cxd5 4. Bf4 Nc6 5. e3 Nf6 6. Nc3 Bg4 7. Qb3 Na5 8.
Qa4+ Bd7 9. Qc2 Rc8 10. Bd3 e6 11. Nf3 Nc4 12. a3 b5 13. O-O Be7 14. h3 O-O 15.
Ne5 Be8 16. Rfc1 h6 17. Qe2 Nd7 18. Nf3 Ndb6 19. e4 a5 20. exd5 exd5 21. b3
Bxa3 22. Rc2 Bd6 23. Bc1 Bd7 24. Qf1 b4 25. Nxd5 Nxd5 26. Bxc4 Bf5 27. Rca2 Bc7
28. Ne5 Nc3 29. Rd2 Qf6 30. Bb2 Rcd8 31. Qe1 Qg5 32. Bxc3 bxc3 33. Re2 c2 34.
Nxf7 Rxf7 35. Re7 Bxh3 36. g3 Rd5 37. Rxf7 Kxf7 38. Rc1 Kf8 39. Rxc2 Rxd4 40.
Bf1 Bxf1 41. Rxc7 Bh3 42. Ra7 Kg8 43. Rxa5 Qd8 44. Qe5 Rd1+ 45. Kh2 Bg4 46. Ra7
Qf8 47. f4 Bf3 48. g4 Bxg4 49. Re7 Qf6 0-1

[Event "Chinese League (Division A) 2015"]
[Site "China CHN"]
[Date "2015.04.11"]
[Round "2"]
[White "Ma, Qun"]
[Black "Yu, Yangyi"]
[Result "1/2-1/2"]
[WhiteElo "2609"]
[BlackElo "2724"]
[PlyCount "59"]
[EventDate "2015.04.10"]
[WhiteTeam "Tianjing"]
[BlackTeam "Beijing"]

1. d4 Nf6 2. c4 e6 3. Nf3 d5 4. Nc3 Be7 5. Bg5 h6 6. Bxf6 Bxf6 7. e3 O-O 8. Rc1
c6 9. Bd3 Nd7 10. O-O dxc4 11. Bxc4 e5 12. d5 Nb6 13. Qb3 Nxc4 14. Qxc4 cxd5
15. Nxd5 Be6 16. Rfd1 Rc8 17. Nxf6+ gxf6 18. Qh4 Rxc1 19. Rxc1 Kg7 20. h3 Qb6
21. b3 Rc8 22. Rxc8 Bxc8 23. Nd2 Bf5 24. Ne4 Bxe4 25. Qxe4 Qc7 26. Qg4+ Kf8 27.
Qb4+ Kg7 28. Qg4+ Kf8 29. Qb4+ Kg7 30. Qg4+ 1/2-1/2

[Event "Chinese League (Division A) 2015"]
[Site "China CHN"]
[Date "2015.04.11"]
[Round "2"]
[White "Malakhov, Vladimir"]
[Black "Wang, Yiye"]
[Result "1-0"]
[WhiteElo "2706"]
[BlackElo "2433"]
[PlyCount "69"]
[EventDate "2015.04.10"]
[WhiteTeam "Tianjing"]
[BlackTeam "Beijing"]

1. e4 e6 2. d4 d5 3. Nd2 Nf6 4. e5 Nfd7 5. f4 c5 6. Ngf3 Nc6 7. Nb3 c4 8. Nbd2
b5 9. Be2 Nb6 10. Nf1 Na4 11. Ne3 Qa5+ 12. Kf2 b4 13. h4 f5 14. h5 Be7 15. g4
fxg4 16. Nxg4 h6 17. Rg1 Rf8 18. Ngh2 Rf7 19. Bf1 Qb6 20. Rb1 c3 21. b3 Nb2 22.
Bxb2 Nxd4 23. Bc1 Nxf3+ 24. Kxf3 Bb7 25. Bd3 O-O-O 26. Rg6 Rdf8 27. Kg3 Bg5 28.
f5 Qc7 29. Bxg5 hxg5 30. Rxe6 Rf6 31. Qe2 d4 32. Kh3 Rxe6 33. fxe6 Rf4 34. Rf1
Rh4+ 35. Kg3 1-0

[Event "Chinese League (Division A) 2015"]
[Site "China CHN"]
[Date "2015.04.11"]
[Round "2"]
[White "Wei, Yi"]
[Black "Zhao, Jun"]
[Result "1/2-1/2"]
[WhiteElo "2706"]
[BlackElo "2621"]
[PlyCount "85"]
[EventDate "2015.04.10"]
[WhiteTeam "Jiangsu"]
[BlackTeam "Shandong"]

1. e4 e5 2. Nf3 Nc6 3. Bb5 Nf6 4. O-O Nxe4 5. Re1 Nd6 6. Nxe5 Be7 7. Bf1 Nxe5
8. Rxe5 O-O 9. Nc3 Ne8 10. Re2 Bd6 11. Nd5 Nf6 12. Ne3 Re8 13. b3 Be7 14. Nf5
Bf8 15. Bb2 Rxe2 16. Qxe2 d5 17. Qf3 Ne4 18. Bd3 c6 19. Ng3 Nc5 20. Bf5 Qg5 21.
Re1 Bxf5 22. Nxf5 Ne4 23. h4 Qxd2 24. Re2 Qd1+ 25. Kh2 f6 26. Ne3 Qb1 27. c4
Bd6+ 28. g3 Qd3 29. cxd5 cxd5 30. Kg2 Re8 31. Qh5 Re6 32. Qg4 Kf7 33. Qh5+ Kg8
34. Qg4 Kf7 35. Nf5 g6 36. Re3 Qd2 37. Re2 Qd3 38. Nh6+ Ke7 39. Ng8+ Kf7 40.
Nh6+ Ke7 41. Ng8+ Kf7 42. Nh6+ Ke7 43. Ng8+ 1/2-1/2

[Event "Chinese League (Division A) 2015"]
[Site "China CHN"]
[Date "2015.04.12"]
[Round "3"]
[White "Ni, Hua"]
[Black "Lin, Chen"]
[Result "1/2-1/2"]
[WhiteElo "2704"]
[BlackElo "2448"]
[PlyCount "70"]
[EventDate "2015.04.10"]
[WhiteTeam "Shanghai"]
[BlackTeam "Jiangsu"]

1. d4 Nf6 2. c4 g6 3. Nc3 Bg7 4. e4 d6 5. Nf3 O-O 6. h3 c5 7. d5 e6 8. Bd3 exd5
9. exd5 Re8+ 10. Be3 Nfd7 11. O-O Ne5 12. Nxe5 Bxe5 13. Qd2 Nd7 14. Rae1 Nf6
15. Bg5 Bd7 16. Ne2 h6 17. Bxh6 Nh7 18. f4 Bf6 19. Kh2 Bh4 20. g3 Bf6 21. Nc3
Qa5 22. h4 Bxc3 23. bxc3 f5 24. Bg5 Kf7 25. g4 Nf6 26. Bxf6 Kxf6 27. gxf5 gxf5
28. Rxe8 Rxe8 29. Rg1 Rh8 30. Qe1 Kf7 31. Rg5 Qxa2+ 32. Kh3 Re8 33. Qg3 Ke7 34.
h5 Qa1 35. Kh2 Kd8 1/2-1/2

[Event "Chinese League (Division A) 2015"]
[Site "China CHN"]
[Date "2015.04.12"]
[Round "3"]
[White "Lou, Yiping"]
[Black "Wei, Yi"]
[Result "1/2-1/2"]
[WhiteElo "2453"]
[BlackElo "2706"]
[PlyCount "60"]
[EventDate "2015.04.10"]
[WhiteTeam "Shanghai"]
[BlackTeam "Jiangsu"]

1. d4 Nf6 2. c4 g6 3. Nc3 d5 4. Nf3 Bg7 5. cxd5 Nxd5 6. e4 Nxc3 7. bxc3 c5 8.
Bb5+ Nc6 9. O-O O-O 10. Be3 Bg4 11. dxc5 Qc7 12. Bxc6 Qxc6 13. Qc2 Bxf3 14.
gxf3 b6 15. cxb6 axb6 16. Rab1 Qc8 17. Rxb6 Qh3 18. Qe2 Be5 19. f4 Rxa2 20.
Qxa2 Qg4+ 21. Kh1 Qf3+ 22. Kg1 Qg4+ 23. Kh1 Qf3+ 24. Kg1 Qg4+ 25. Kh1 Qf3+ 26.
Kg1 Qg4+ 27. Kh1 Qf3+ 28. Kg1 Qg4+ 29. Kh1 Qf3+ 30. Kg1 Qg4+ 1/2-1/2

[Event "Chinese League (Division A) 2015"]
[Site "China CHN"]
[Date "2015.04.12"]
[Round "3"]
[White "Yu, Yangyi"]
[Black "Zhu, Yi"]
[Result "1-0"]
[WhiteElo "2724"]
[BlackElo "2288"]
[PlyCount "89"]
[EventDate "2015.04.10"]
[WhiteTeam "Beijing"]
[BlackTeam "Guangdong"]

1. e4 c5 2. Nf3 d6 3. d4 cxd4 4. Nxd4 Nf6 5. Nc3 a6 6. h3 e5 7. Nde2 h5 8. g3
Be7 9. Bg2 b5 10. Nd5 Nbd7 11. Nec3 Bb7 12. O-O Rc8 13. h4 Nxd5 14. Nxd5 Bxd5
15. exd5 g5 16. hxg5 Bxg5 17. f4 Qb6+ 18. Kh1 h4 19. g4 exf4 20. Bxf4 Bxf4 21.
Rxf4 h3 22. Be4 Qe3 23. Qf1 Ne5 24. Re1 Qg3 25. Bf5 Rc7 26. Rf3 Qg2+ 27. Qxg2
hxg2+ 28. Kxg2 Rc5 29. Ra3 Rxd5 30. Re2 Ke7 31. Rxa6 Kf6 32. Be4 Rd4 33. c3 Rd1
34. Bc2 Rdh1 35. Rxd6+ Ke7 36. Rdd2 f6 37. Kg3 R8h3+ 38. Kf4 Rf1+ 39. Ke4 Nxg4
40. Kd5+ Ne5 41. Kc5 Rh8 42. Bb3 Rb8 43. Rh2 Rf5 44. Rh7+ Kf8 45. Rd5 1-0

[Event "Chinese League (Division A) 2015"]
[Site "China CHN"]
[Date "2015.04.12"]
[Round "3"]
[White "Bu, Xiangzhi"]
[Black "Malakhov, Vladimir"]
[Result "1/2-1/2"]
[WhiteElo "2681"]
[BlackElo "2706"]
[PlyCount "55"]
[EventDate "2015.04.10"]
[WhiteTeam "Chongqing"]
[BlackTeam "Tianjing"]

1. Nf3 d5 2. g3 c6 3. Bg2 Bg4 4. c4 e6 5. O-O Nf6 6. Qb3 Qb6 7. Nc3 Nbd7 8. d4
Qxb3 9. axb3 a6 10. c5 Be7 11. b4 Bxf3 12. exf3 O-O 13. Re1 Rfd8 14. f4 g6 15.
Be3 Ne8 16. Bf1 Nc7 17. Nb1 Nf6 18. Nd2 Ng4 19. Nf3 h5 20. h3 Nh6 21. Ne5 Kg7
22. Bd3 Nf5 23. Nf3 Rh8 24. Kg2 Bf6 25. Ra3 Rac8 26. Rh1 Be7 27. Raa1 Rcg8 28.
g4 1/2-1/2

[Event "The USA Championship 2015"]
[Site "Saint Louis USA"]
[Date "2015.04.12"]
[Round "11"]
[White "Gareev, T."]
[Black "Robson, R."]
[Result "0-1"]
[WhiteElo "2604"]
[BlackElo "2656"]
[PlyCount "65"]
[EventDate "2015.04.01"]

1. d4 Nf6 2. Nc3 d5 3. Bg5 c5 4. Bxf6 gxf6 5. e4 dxe4 6. dxc5 Qa5 7. Bb5+ Bd7
8. a4 a6 9. Ra3 Nc6 10. Nge2 e6 11. b4 Qxb4 12. Rb3 Qa5 13. O-O axb5 14. Nxe4
Be7 15. axb5 Ne5 16. N2c3 Rc8 17. Qd4 Qc7 18. c6 bxc6 19. b6 c5 20. Nxf6+ Bxf6
21. Qf4 Qd8 22. Ne4 Ng6 23. Qf3 Be5 24. Rd1 Qe7 25. b7 Rb8 26. Rb6 O-O 27. g3
f5 28. Ng5 Bc7 29. Rxd7 Qxd7 30. Rxe6 Bd8 31. Qb3 Kh8 32. Qc3+ Qd4 33. Nf7+ 0-1

[Event "The USA Championship 2015"]
[Site "Saint Louis USA"]
[Date "2015.04.12"]
[Round "11"]
[White "So, W."]
[Black "Troff, Kayden W"]
[Result "1-0"]
[WhiteElo "2788"]
[BlackElo "2532"]
[PlyCount "87"]
[EventDate "2015.04.01"]

1. Nf3 Nf6 2. c4 g6 3. Nc3 d5 4. cxd5 Nxd5 5. Qb3 Nb6 6. d4 Bg7 7. Bf4 Be6 8.
Qa3 c5 9. Qxc5 Nc6 10. e3 Rc8 11. Qa3 Nc4 12. Bxc4 Bxc4 13. d5 Qa5 14. Qxa5
Nxa5 15. Be5 Bxe5 16. Nxe5 f6 17. Nf3 b5 18. b4 Nb7 19. Nd4 Nd6 20. Kd2 h5 21.
e4 Kf7 22. f3 h4 23. a4 bxa4 24. Nxa4 Rh5 25. Nc5 a5 26. Rxa5 Bxd5 27. Ra7 Bc6
28. Ke3 Be8 29. Rc1 Rb8 30. Nd3 Rg5 31. Rc2 Bb5 32. Rcc7 Nc8 33. Ra2 Nd6 34. f4
Rh5 35. Nc5 Ne8 36. Rb7 Rxb7 37. Nxb7 Bf1 38. Nd8+ Kg8 39. N8c6 e5 40. fxe5
fxe5 41. Nf3 Nd6 42. Ncxe5 Kg7 43. Ra7+ Kf6 44. Ng4+ 1-0

[Event "The USA Championship 2015"]
[Site "Saint Louis USA"]
[Date "2015.04.12"]
[Round "11"]
[White "Shankland, S."]
[Black "Akobian, V."]
[Result "1/2-1/2"]
[WhiteElo "2661"]
[BlackElo "2622"]
[PlyCount "101"]
[EventDate "2015.04.01"]

1. d4 e6 2. c4 d5 3. Nf3 Nf6 4. Nc3 Be7 5. Bf4 O-O 6. e3 Nbd7 7. a3 c5 8. cxd5
Nxd5 9. Nxd5 exd5 10. dxc5 Nxc5 11. Be5 Bf6 12. Bxf6 Qxf6 13. Qd4 Qxd4 14. Nxd4
Bd7 15. g3 Ne6 16. Rd1 Rfc8 17. Bg2 Nxd4 18. Rxd4 Rc2 19. Bxd5 Rxb2 20. O-O Kf8
21. Rfd1 Be8 22. Rc1 Rd8 23. Rc7 Rb1+ 24. Kg2 Rxd5 25. Rxd5 Bc6 26. Rxc6 bxc6
27. Rd7 a5 28. Ra7 Rb5 29. a4 Rc5 30. h4 h5 31. Kf3 g6 32. Ke4 Kg7 33. Kd4 Rc2
34. f4 c5+ 35. Kd3 Rb2 36. Rxa5 Rb4 37. Ra6 f5 38. a5 Ra4 39. Kc3 Kf7 40. Ra8
Kg7 41. a6 c4 42. Kd4 Kf7 43. a7 Kg7 44. Kc5 c3 45. Kb6 c2 46. Rc8 Rb4+ 47. Ka5
Rb2 48. Rc4 Ra2+ 49. Kb6 Rb2+ 50. Kc7 Ra2 51. Kb7 1/2-1/2

[Event "The USA Championship 2015"]
[Site "Saint Louis USA"]
[Date "2015.04.12"]
[Round "11"]
[White "Naroditsky, D."]
[Black "Kamsky, G."]
[Result "1/2-1/2"]
[WhiteElo "2633"]
[BlackElo "2683"]
[PlyCount "63"]
[EventDate "2015.04.01"]

1. e4 c5 2. Nf3 e6 3. d4 cxd4 4. Nxd4 a6 5. c4 b6 6. Nc3 Bb7 7. Be2 Qc7 8. Be3
Nf6 9. f3 Nc6 10. Qd2 Bc5 11. Nxc6 Bxe3 12. Qxe3 Bxc6 13. O-O Rb8 14. Rac1 Ba8
15. Rfd1 d6 16. Rd2 Ke7 17. Rcd1 Rhd8 18. b4 e5 19. Bf1 Kf8 20. a3 h6 21. a4
Bb7 22. Rc1 Qc6 23. Rcd1 Qc7 24. Rc1 Qc6 25. b5 Qc5 26. Qxc5 dxc5 27. Rxd8+
Rxd8 28. bxa6 Bxa6 29. Rb1 Rb8 30. g3 Rb7 31. f4 g5 32. f5 1/2-1/2

[Event "The USA Championship 2015"]
[Site "Saint Louis USA"]
[Date "2015.04.12"]
[Round "11"]
[White "Sevian, Samuel"]
[Black "Holt, C."]
[Result "1-0"]
[WhiteElo "2531"]
[BlackElo "2530"]
[PlyCount "199"]
[EventDate "2015.04.01"]

1. e4 e6 2. d4 d5 3. Nc3 Bb4 4. e5 Ne7 5. a3 Bxc3+ 6. bxc3 c5 7. Qg4 O-O 8. Bd3
Nbc6 9. Qh5 Ng6 10. Nf3 Qc7 11. Be3 c4 12. Bxg6 fxg6 13. Qg4 Qf7 14. Ng5 Qe8
15. h4 Bd7 16. Qe2 b5 17. g4 Qe7 18. h5 gxh5 19. Rxh5 h6 20. Nf3 a5 21. Rh3 Be8
22. Nh4 Rb8 23. f4 b4 24. g5 hxg5 25. fxg5 g6 26. Qh2 b3 27. Ke2 Qg7 28. Nf3 b2
29. Rb1 Ne7 30. Qg2 Ba4 31. Kd2 Kf7 32. Nh2 Rh8 33. Rh6 Nf5 34. Ng4 Ke7 35. Qh2
Kd7 36. Nf6+ Kc6 37. Bf4 Qf8 38. Qh3 Rxh6 39. gxh6 Qxa3 40. h7 Qa2 41. h8=Q
Qxb1 42. Qxb8 Qxc2+ 43. Ke1 b1=Q+ 44. Qxb1 Qxb1+ 45. Kf2 Qb2+ 46. Kg1 Qe2 47.
Qh7 Qe1+ 48. Kg2 Nh4+ 49. Kh3 Qh1+ 50. Kg3 Nf5+ 51. Kf2 Qxh7 52. Nxh7 Bc2 53.
Ng5 Ng7 54. Ke2 Bf5 55. Kd1 Nh5 56. Be3 Kb5 57. Kc1 Ng3 58. Kb2 Ka4 59. Bf4 Ne2
60. Bd2 Ng3 61. Bf4 Nh5 62. Be3 Ng7 63. Nf7 Bg4 64. Nd6 Nh5 65. Bd2 Bd1 66. Be3
Ng3 67. Bf4 Nh1 68. Be3 Be2 69. Ka2 Bd3 70. Kb2 Ng3 71. Bf4 Ne2 72. Be3 Bf5 73.
Nf7 Kb5 74. Bd2 Kb6 75. Ng5 Ng3 76. Be3 Bg4 77. Bd2 Kc6 78. Bc1 Kd7 79. Bd2 Nf5
80. Nf7 Ne7 81. Nd6 Nc6 82. Bg5 Nb8 83. Nb7 Nc6 84. Nd6 Kc7 85. Ne8+ Kb6 86.
Nd6 Ka6 87. Ka3 Nb8 88. Be7 Bf5 89. Bg5 Nd7 90. Bh6 Kb6 91. Nc8+ Kc7 92. Nd6
Nb6 93. Bd2 Bc2 94. Kb2 Bd1 95. Ka3 Na4 96. Nf7 Kd7 97. Ng5 Nb6 98. Nf7 Nc8 99.
Bg5 a4 100. Kb4 1-0

[Event "Chinese League (Division A) 2015"]
[Site "China CHN"]
[Date "2015.04.13"]
[Round "4"]
[White "Malakhov, Vladimir"]
[Black "Zhang, Ziji"]
[Result "1/2-1/2"]
[WhiteElo "2706"]
[BlackElo "2223"]
[PlyCount "147"]
[EventDate "2015.04.10"]
[WhiteTeam "Tianjing"]
[BlackTeam "Heibei"]

1. Nf3 Nf6 2. g3 d5 3. Bg2 c6 4. O-O Bf5 5. c4 e6 6. cxd5 cxd5 7. Qb3 Qb6 8.
Qxb6 axb6 9. Nc3 Nc6 10. d3 h6 11. Bf4 Bc5 12. a3 Ke7 13. b4 Bd6 14. Be3 Nd7
15. Nb5 Bg4 16. Rfc1 Bxf3 17. Bxf3 Rhc8 18. Bg2 Na7 19. Rxc8 Nxc8 20. Rc1 Na7
21. Nxd6 Kxd6 22. Bd4 f6 23. f4 Rc8 24. Rxc8 Nxc8 25. Bb2 b5 26. Kf2 Ne7 27. g4
e5 28. f5 Nb8 29. Kg3 h5 30. e3 Nbc6 31. Bf1 hxg4 32. Kxg4 Nd8 33. e4 Nf7 34.
Bc1 b6 35. Be2 Kc7 36. h4 Nd6 37. Bf3 Kd7 38. Be3 dxe4 39. dxe4 Kc6 40. Bg2 Ng8
41. Kf3 Ne7 42. Bf1 Kc7 43. Bd3 Kc6 44. Bc2 Nc4 45. Bc1 Kd7 46. Kg4 Nd6 47. Bd3
Kc6 48. Bb1 Kc7 49. Kf3 Nc6 50. h5 Nd4+ 51. Kg4 Kd7 52. h6 gxh6 53. Bxh6 Ke7
54. Kh5 Ne2 55. Kg6 Nc3 56. Bd3 Ndxe4 57. Bg7 Ke8 58. Bxe4 Nxe4 59. Bxf6 Nxf6
60. Kxf6 e4 61. Kg7 e3 62. f6 e2 63. f7+ Kd7 64. f8=Q e1=Q 65. Qf5+ Kc6 66.
Qc2+ Kb7 67. Qd3 Qe7+ 68. Kg6 Qe6+ 69. Kg5 Qe5+ 70. Kg4 Kc6 71. Kf3 Qd5+ 72.
Qe4 Kd6 73. Kf4 Qxe4+ 74. Kxe4 1/2-1/2

[Event "Chinese League (Division A) 2015"]
[Site "China CHN"]
[Date "2015.04.13"]
[Round "4"]
[White "Xu, Yinglun"]
[Black "Bu, Xiangzhi"]
[Result "0-1"]
[WhiteElo "2443"]
[BlackElo "2681"]
[PlyCount "72"]
[EventDate "2015.04.10"]
[WhiteTeam "Guangdong"]
[BlackTeam "Chongqing"]

1. d4 d5 2. c4 c6 3. Nf3 Nf6 4. e3 Bf5 5. Nc3 e6 6. Nh4 Bg6 7. Nxg6 hxg6 8. Bd3
Nbd7 9. h3 Bd6 10. O-O Qe7 11. cxd5 exd5 12. e4 dxe4 13. Bg5 O-O 14. Re1 Bh2+
15. Kf1 Qb4 16. Nxe4 Bc7 17. Nxf6+ Nxf6 18. Bxf6 gxf6 19. Qg4 f5 20. Qf3 Rad8
21. b3 Rxd4 22. g3 Rfd8 23. Bc4 Qd6 24. Kg2 Ba5 25. Rh1 Rd2 26. Rhe1 b5 27. Bf1
Kg7 28. Rac1 Bb6 29. Re2 Rxe2 30. Qxe2 Qd5+ 31. Kg1 f4 32. gxf4 Qd2 33. Rc2
Qxf4 34. Bg2 Rd6 35. Kf1 Rf6 36. Bxc6 Qg3 0-1

[Event "Chinese League (Division A) 2015"]
[Site "China CHN"]
[Date "2015.04.13"]
[Round "4"]
[White "Yu, Ruiyuan"]
[Black "Yu, Yangyi"]
[Result "0-1"]
[WhiteElo "2571"]
[BlackElo "2724"]
[PlyCount "84"]
[EventDate "2015.04.10"]
[WhiteTeam "Jiangsu"]
[BlackTeam "Beijing"]

1. e4 e5 2. Nf3 Nc6 3. d4 exd4 4. Nxd4 Bc5 5. Nxc6 bxc6 6. Nc3 Qf6 7. Qf3 d6 8.
Na4 Bd4 9. Bd2 a5 10. Be2 Qxf3 11. gxf3 f5 12. Bc3 Bxc3+ 13. Nxc3 Ne7 14. Bc4
Ng6 15. exf5 Bxf5 16. O-O-O O-O-O 17. Rdg1 Rhf8 18. Ne2 Rde8 19. Rg5 Kb7 20.
Ng3 Bd7 21. Be2 Kb6 22. Rd1 Re5 23. Rh5 Rxh5 24. Nxh5 Nf4 25. Nxf4 Rxf4 26. Rd3
Be6 27. Re3 Rf6 28. Re4 c5 29. Kd2 d5 30. Re5 h6 31. Re3 c4 32. Ra3 d4 33. Ra4
Bd7 34. Ra3 Be6 35. Ra4 c5 36. Bxc4 Bxc4 37. Rxc4 Rxf3 38. Ke2 Rh3 39. c3 Kb5
40. b3 dxc3 41. Rf4 g5 42. Rf8 Kb4 0-1

[Event "Chinese League (Division A) 2015"]
[Site "China CHN"]
[Date "2015.04.13"]
[Round "4"]
[White "Wei, Yi"]
[Black "Xiu, Deshun"]
[Result "1/2-1/2"]
[WhiteElo "2706"]
[BlackElo "2557"]
[PlyCount "99"]
[EventDate "2015.04.10"]
[WhiteTeam "Jiangsu"]
[BlackTeam "Beijing"]

1. e4 e5 2. Nf3 Nc6 3. Bb5 Nf6 4. d3 Bc5 5. Bxc6 dxc6 6. O-O Bg4 7. h3 Bh5 8.
g4 Nxg4 9. hxg4 Bxg4 10. Be3 Bd6 11. Nbd2 f5 12. exf5 O-O 13. Qe1 Bxf3 14. Nxf3
Rxf5 15. Qe2 Qf6 16. Nh2 e4 17. Qg4 exd3 18. cxd3 Re8 19. Rae1 Re6 20. f4 Qf7
21. Kh1 Rg6 22. Qf3 Qxa2 23. Re2 Qd5 24. Bd2 Rg3 25. Qxd5+ Rxd5 26. f5 Rh3 27.
f6 Rxh2+ 28. Rxh2 Bxh2 29. f7+ Kf8 30. Kxh2 c5 31. Bc3 Rg5 32. Kh3 b6 33. Rf3
a5 34. b3 Rg6 35. Be5 b5 36. Bxc7 a4 37. bxa4 bxa4 38. Be5 a3 39. Kh4 a2 40.
Rf2 Rh6+ 41. Kg3 Rg6+ 42. Kh3 Rh6+ 43. Kg2 Rg6+ 44. Kf1 h5 45. Rxa2 Kxf7 46.
Ra7+ Ke6 47. Rxg7 Rxg7 48. Bxg7 Kd5 49. Bc3 Ke6 50. Kf2 1/2-1/2